000 01061naa a22003017a 4500
001 BR8004806
003 BR-BrBNA
005 20240918174641.0
007 ta
008 230509b bl.||||| |||| 00| 0 por d
040 _aBR-BrBNA
_bpor
_cBiblioteca Nacional de Agricultura
041 _a(Pt)
072 _aP12
090 _aP12 BR8004806
100 1 _aEiger, S.
100 1 _aSaks, N.C.O.
111 1 _a5. Congresso Nacional de Irrigacao e Drenagem
_cSao Paulo, SP (Brazil)
_d29 Sep 1980
245 1 _aCanais trapezoidais nao revestidos: dimensionamento com minimo volume de escavacao
260 3 _aSao Paulo, SP (Brasil):
_c1980.
500 _aAnais do 5. Congresso Nacional de Irrigacao e Drenagem Sao Paulo, SP (Brasil): 1980. p. 274-287 (BR8004806-AM)P12
650 _aCANAL
650 _aESCOAMENTO
650 _aAGUA
650 _aHIDRAULICA
773 0 _tAnais do 5. Congresso Nacional de Irrigacao e Drenagem
_b
_wP12 BR8004806
_gSao Paulo, SP (Brasil), 1980. p. 274-287
909 _a202404
_bLucia
_c55
_dLucia Elande
942 _cAM
_2AGRIS
999 _c312608
_d312608